All 500,000+ Urban Areas (as of 2021) - Organized by country - Statistics

General Stats
  • This quiz has been taken 779 times
    709 since last reset
  • The average score is 426 of 985
Answer Stats
Country Urban Area Population Estimate % Correct
Afghanistan Kabul 5,062,000
94%
Argentina Buenos Aires 16,216,000
92%
Algeria Algiers 3,629,000
90%
Australia Sydney 4,645,000
90%
Australia Melbourne 4,629,000
89%
Belgium Brussels 2,041,000
88%
Australia Perth 2,005,000
88%
Brazil Rio de Janeiro 12,486,000
88%
Austria Vienna 1,843,000
88%
Belarus Minsk 2,213,000
87%
Germany Berlin 4,026,000
86%
China* Hong Kong 7,398,000
86%
Angola Luanda 8,883,000
86%
France Paris 11,027,000
86%
Portugal Porto 1,351,000
86%
Bulgaria Sofia 955,000
86%
Albania Tirana 811,000
86%
Canada Toronto 6,985,000
86%
Greece Athens 3,417,000
85%
China Beijing 19,437,000
85%
Colombia Bogota 9,274,000
85%
Brazil Brasilia 3,429,000
85%
Australia Brisbane 2,213,000
85%
Egypt Cairo 19,787,000
85%
Bangladesh Dhaka 16,839,000
85%
Ireland Dublin 1,371,000
85%
Bolivia La Paz 1,674,000
85%
United Kingdom London 11,120,000
85%
Italy Milan 4,994,000
85%
Canada Ottawa 1,048,000
85%
Italy Rome 3,207,000
85%
United States San Francisco-San Jose 6,481,000
85%
Chile Santiago 7,026,000
85%
Dominican Republic Santiago 686,000
85%
Brazil Sao Paulo 22,495,000
85%
Netherlands Amsterdam 1,157,000
84%
Azerbaijan Baku 3,015,000
84%
Denmark Copenhagen 1,618,000
84%
Cuba Havana 1,659,000
84%
Israel Jerusalem 1,584,000
84%
Mexico Mexico City 21,505,000
84%
Canada Montreal 3,746,000
84%
Russia Moscow 17,693,000
84%
Germany Munich 2,008,000
84%
Czech Republic Prague 1,164,000
84%
China Shanghai 22,118,000
84%
Japan Tokyo-Yokohama 39,105,000
84%
Canada Vancouver 2,429,000
84%
Egypt Alexandria 4,857,000
83%
Iraq Baghdad 6,107,000
83%
India Delhi 31,870,000
83%
Finland Helsinki 1,200,000
83%
Indonesia Jakarta 35,362,000
83%
United States Los Angeles 15,477,000
83%
Italy Naples 3,303,000
83%
United States New York 20,902,000
83%
Japan Osaka-Kobe-Kyoto 15,490,000
83%
Iran Tehran 13,819,000
83%
Armenia Yerevan 1,411,000
83%
Australia Adelaide 1,215,000
82%
Belgium Antwerp 1,028,000
82%
Spain Barcelona 4,735,000
82%
Venezuela Barcelona 776,000
82%
Romania Bucharest 1,880,000
82%
Hungary Budapest 2,429,000
82%
Guatemala Guatemala City 2,993,000
82%
Germany Hamburg 2,048,000
82%
South Africa Johannesburg-Pretoria 14,167,000
82%
Ukraine Kiev 2,874,000
82%
Jamaica Kingston 818,000
82%
Kuwait Kuwait 4,307,000
82%
Peru Lima 8,992,000
82%
Norway Oslo 917,000
82%
Panama Panama City 1,267,000
82%
El Salvador San Salvador 1,600,000
82%
South Korea Seoul-Incheon 22,394,000
82%
Singapore Singapore 5,901,000
82%
Israel Tel Aviv 2,719,000
82%
Croatia Zagreb 616,000
82%
Ethiopia Addis Ababa 5,503,000
81%
New Zealand Auckland 1,413,000
81%
Thailand Bangkok 17,573,000
81%
Lebanon Beirut 2,831,000
81%
United Kingdom Birmingham 2,624,000
81%
United States Birmingham 833,000
81%
United States Chicago 9,013,000
81%
United Arab Emirates Dubai 6,595,000
81%
Germany Frankfurt 1,941,000
81%
United States Houston 6,529,000
81%
Turkey Istanbul 15,311,000
81%
Malaysia Kuala Lumpur 8,639,000
81%
Nigeria Lagos 15,487,000
81%
Portugal Lisbon 2,719,000
81%
France Lyon 1,448,000
81%
Spain Madrid 6,006,000
81%
United Kingdom Manchester 2,747,000
81%
France Marseille 1,400,000
81%
United States Miami 6,212,000
81%
India Mumbai 22,186,000
81%
Kenya Nairobi 5,973,000
81%
Latvia Riga 624,000
81%
Netherlands Rotterdam-Hague 2,753,000
81%
Costa Rica San Jose 1,986,000
81%
Sweden Stockholm 1,584,000
81%
Russia St. Petersburg 5,207,000
81%
Poland Warsaw 1,965,000
81%
United States Boston-Providence 7,340,000
80%
South Africa Cape Town 4,353,000
80%
Morocco Casablanca 4,203,000
80%
Canada Edmonton 1,172,000
80%
China Guangzhou-Foshan 21,489,000
80%
Philippines Manila 23,971,000
80%
Haiti Port-au-Prince 3,016,000
80%
North Korea Pyongyang 1,693,000
80%
Ecuador Quito 2,670,000
80%
Yemen Sana 3,145,000
80%
Taiwan Taipei 9,078,000
80%
Libya Tripoli 1,376,000
80%
United States Washington-Baltimore 7,583,000
80%
Jordan Amman 4,536,000
79%
Turkey Ankara 4,768,000
79%
Serbia Belgrade 1,077,000
79%
Canada Calgary 1,349,000
79%
Venezuela Caracas 5,847,000
79%
Germany Cologne-Bonn 2,100,000
79%
Tanzania Dar es Salaam 7,461,000
79%
Qatar Doha 1,520,000
79%
Switzerland Geneva 612,000
79%
Congo (Dem. Rep.) Kinshasa 15,056,000
79%
India Kolkata 18,698,000
79%
France Nice 935,000
79%
Saudi Arabia Riyadh 6,889,000
79%
Tunisia Tunis 2,477,000
79%
Italy Turin 1,431,000
79%
Switzerland Zurich 922,000
79%
Ghana Accra 5,074,000
78%
Senegal Dakar 3,548,000
78%
United States Dallas-Fort Worth 6,960,000
78%
Syria Damascus 2,406,000
78%
Germany Essen-Dusseldorf 6,136,000
78%
Italy Florence 770,000
78%
United Kingdom Glasgow 1,264,000
78%
Mexico Guadalajara 5,437,000
78%
Vietnam Hanoi 7,375,000
78%
Vietnam Ho Chi Minh City 13,954,000
78%
Nepal Kathmandu 3,955,000
78%
United States Phoenix 4,685,000
78%
Pakistan Rawalpindi-Islamabad 4,730,000
78%
United States Seattle 4,084,000
78%
Mongolia Ulaanbaatar 1,562,000
78%
Lithuania Vilnius 570,000
78%
United Arab Emirates Abu Dhabi 2,022,000
77%
Kazakhstan Astana 1,115,000
77%
United States Atlanta 5,434,000
77%
Brazil Belo Horizonte 5,271,000
77%
Congo Brazzaville 1,918,000
77%
United Kingdom Liverpool 910,000
77%
Saudi Arabia Mecca 1,767,000
77%
United States Philadelphia 5,697,000
77%
Cambodia Phnom Penh 2,365,000
77%
Spain Valencia 1,493,000
77%
Venezuela Valencia 1,614,000
77%
China Wuhan 9,729,000
77%
Paraguay Asuncion 3,086,000
76%
Sri Lanka Colombo 3,528,000
76%
United States Denver 2,861,000
76%
United Kingdom Edinburgh 536,000
76%
Pakistan Karachi 15,292,000
76%
Sudan Khartoum 6,017,000
76%
China* Macau 706,000
76%
Colombia Medellin 3,549,000
76%
Uruguay Montevideo 1,535,000
76%
Morocco Rabat 1,940,000
76%
Nigeria Abuja 3,499,000
75%
Madagascar Antananarivo 2,151,000
75%
France Bordeaux 837,000
75%
Poland Krakow 651,000
75%
United States Las Vegas 2,551,000
75%
Somalia Mogadishu 1,839,000
75%
Oman Muscat 1,272,000
75%
United States Orlando 2,377,000
75%
Italy Palermo 737,000
75%
United States San Diego 3,226,000
75%
Dominican Republic Santo Domingo 4,292,000
75%
China Xi'an 7,090,000
75%
United States Austin 1,922,000
74%
India Bangalore 13,999,000
74%
United States Detroit 4,192,000
74%
India Hyderabad 9,840,000
74%
Pakistan Hyderabad 1,936,000
74%
United Kingdom Leeds-Bradford 1,903,000
74%
Mexico Monterrey 5,584,000
74%
United States Portland 2,116,000
74%
United States* San Juan 2,058,000
74%
United States Tampa-St. Petersburg 2,819,000
74%
Uzbekistan Tashkent 4,119,000
74%
Cameroon Yaounde 4,414,000
74%
Cote d'Ivoire Abidjan 4,787,000
73%
South Korea Busan 3,823,000
73%
India Chennai 11,564,000
73%
Moldova Chisinau 544,000
73%
Sierra Leone Freetown 1,387,000
73%
United States Indianapolis 1,637,000
73%
United States Jacksonville 1,249,000
73%
Pakistan Lahore 11,148,000
73%
United States Minneapolis-St. Paul 2,945,000
73%
Liberia Monrovia 1,533,000
73%
United States New Orleans 970,000
73%
Spain Seville 1,091,000
73%
Syria Aleppo 3,547,000
72%
Kazakhstan Almaty 2,293,000
72%
Mali Bamako 3,750,000
72%
Bangladesh Chittagong 4,479,000
72%
Palestine Gaza 736,000
72%
Japan Nagoya 9,522,000
72%
United Kingdom Newcastle upon Tyne 820,000
72%
Burkina Faso Ouagadougou 3,575,000
72%
Canada Québec 730,000
72%
Brazil Salvador 3,430,000
72%
United States San Antonio 2,162,000
72%
Germany Stuttgart 1,357,000
72%
Greece Thessaloniki 889,000
72%
Kyrgyzstan Bishkek 1,352,000
71%
Guinea-Bissau Bissau 636,000
71%
United States Cleveland 2,770,000
71%
Argentina Cordoba 1,612,000
71%
Zimbabwe Harare 2,747,000
71%
Japan Hiroshima 1,175,000
71%
Uganda Kampala 4,495,000
71%
United States Kansas City 1,734,000
71%
Nicaragua Managua 1,241,000
71%
Brazil Manaus 2,308,000
71%
United States Nashville 1,178,000
71%
Chad N'Djamena 1,674,000
71%
Ukraine Odessa 1,172,000
71%
United States Sacramento 1,932,000
71%
Japan Sapporo 2,162,000
71%
China Shenzhen 14,678,000
71%
United States St. Louis 2,248,000
71%
France Toulouse 982,000
71%
United States Charlotte 2,111,000
70%
United States Columbus 1,500,000
70%
South Africa Durban 3,290,000
70%
Poland Gdansk 856,000
70%
Turkey Izmir 2,808,000
70%
Ukraine Kharkiv 1,479,000
70%
Mozambique Maputo 2,502,000
70%
United States Memphis 1,080,000
70%
United States Oklahoma City 990,000
70%
United States Salt Lake City 2,452,000
70%
China Tianjin 10,932,000
70%
Myanmar Yangon 6,497,000
70%
India Ahmedabad 7,717,000
69%
Colombia Cali 2,543,000
69%
United States Cincinnati 1,700,000
69%
Sweden Gothenburg 622,000
69%
Rwanda Kigali 1,034,000
69%
France Lille 1,313,000
69%
Zambia Lusaka 2,902,000
69%
Niger Niamey 1,383,000
69%
Algeria Oran 1,322,000
69%
Brazil Porto Alegre 3,599,000
69%
Brazil Recife 3,840,000
69%
Honduras Tegucigalpa 1,229,000
69%
Turkmenistan Ashgabat 1,396,000
68%
Eritrea Asmara 805,000
68%
United Kingdom Belfast 639,000
68%
China Chengdu 11,920,000
68%
Guinea Conakry 2,729,000
68%
Germany Dresden 773,000
68%
Morocco Fez 1,258,000
68%
Brazil Fortaleza 3,621,000
68%
Italy Genoa 531,000
68%
Morocco Marrakesh 907,000
68%
Saudi Arabia Medina 1,176,000
68%
France Nantes 583,000
68%
China Xiamen 4,964,000
68%
Spain Bilbao 731,000
67%
Germany Bremen 562,000
67%
Ecuador Guayaquil 3,085,000
67%
South Sudan Juba 566,000
67%
Gabon Libreville 596,000
67%
Togo Lome 2,528,000
67%
Spain Malaga 652,000
67%
China Nanjing 7,729,000
67%
Germany Nuremberg 654,000
67%
United States Raleigh 1,522,000
67%
Mexico Tijuana 2,064,000
67%
Canada Winnipeg 753,000
67%
Central African Rep. Bangui 1,133,000
66%
Italy Bologna 532,000
66%
China Chongqing 8,261,000
66%
United States El Paso 848,000
66%
Germany Hannover 686,000
66%
United States Milwaukee 1,394,000
66%
United States Pittsburgh 1,689,000
66%
India Pune 7,948,000
66%
Russia Yekaterinburg 1,442,000
66%
Switzerland Basel 532,000
65%
United Kingdom Bristol 687,000
65%
United States Buffalo 907,000
65%
Mexico Cancun 901,000
65%
Australia Gold Coast 657,000
65%
United States Honolulu 883,000
65%
Germany Leipzig 552,000
65%
Malawi Lilongwe 1,290,000
65%
United States Louisville 1,034,000
65%
United States Albuquerque 888,000
64%
Ukraine Donetsk 1,350,000
64%
Tajikistan Dushanbe 1,509,000
64%
Kenya Mombasa 1,093,000
64%
Russia Nizhny Novgorod 1,578,000
64%
Mauritania Nouakchott 1,424,000
64%
United Kingdom Sheffield 735,000
64%
Russia Volgograd 1,325,000
64%
Gambia Banjul 587,000
63%
Brazil Belem 2,221,000
63%
Nigeria Kano 4,581,000
63%
Russia Kazan 1,209,000
63%
Ukraine Lviv 720,000
63%
Trinidad & Tobago Port of Spain 587,000
63%
Argentina Rosario 1,325,000
63%
Russia Rostov 1,251,000
63%
United Kingdom Southampton-Portsmouth 932,000
63%
Indonesia Surabaya 6,494,000
63%
United States Tucson 964,000
63%
Indonesia Bandung 6,932,000
62%
Japan Fukuoka 2,280,000
62%
China Harbin 4,583,000
62%
Benin Porto Novo 556,000
62%
China Urumqi 3,216,000
62%
Turkey Antalya 759,000
61%
Ukraine Dnipropetrovsk 1,187,000
61%
Cameroon Douala 3,384,000
61%
Russia Novosibirsk 1,722,000
61%
Russia Omsk 1,131,000
61%
United States Virginia Beach-Norfolk 1,493,000
61%
South Africa Bloemfontein 528,000
60%
China Hangzhou 6,713,000
60%
Poland Katowice-Gliwice-Tychy 1,706,000
60%
Poland Lodz 812,000
60%
Iraq Mosul 980,000
60%
United Kingdom Nottingham 791,000
60%
South Africa Port Elizabeth 1,240,000
60%
United States Richmond 1,086,000
60%
Spain Zaragoza 643,000
60%
Colombia Barranquilla 2,007,000
59%
Philippines Cebu 2,454,000
59%
Israel Haifa 574,000
59%
Poland Wroclaw 624,000
59%
India Agra 2,885,000
58%
Brazil Curitiba 3,177,000
58%
Indonesia Denpasar 1,373,000
58%
India Jaipur 4,276,000
58%
Mexico Puebla 2,511,000
58%
Russia Samara 1,019,000
58%
Russia Ufa 1,007,000
58%
Netherlands Utrecht 723,000
58%
Nigeria Benin City 1,858,000
57%
China Fuzhou 4,160,000
57%
Germany Mannheim 537,000
57%
China Qingdao 6,232,000
57%
Russia Vladivostok 656,000
57%
Italy Catania 647,000
56%
Benin Cotonou 1,390,000
56%
United States Fresno 755,000
56%
Indonesia Medan 3,436,000
56%
United States Omaha 819,000
56%
Russia Perm 508,000
56%
India Surat 4,875,000
56%
United States Tulsa 749,000
56%
Burundi Bujumbura 1,143,000
55%
Nigeria Ibadan 3,715,000
55%
India Lucknow 4,916,000
55%
Iran Mashhad 3,464,000
55%
Colombia Cartagena 858,000
54%
Russia Chelyabinsk 1,228,000
54%
Mexico Ciudad Juarez 1,481,000
54%
United States Colorado Springs 654,000
54%
South Korea Daegu 2,393,000
54%
China Dalian 3,994,000
54%
China Kunming 3,934,000
54%
Venezuela Maracaibo 2,299,000
54%
Spain Palma 518,000
54%
Morocco Tangier 1,039,000
54%
Chile Valparaiso-Vina del Mar 866,000
54%
Iraq Basra 1,413,000
53%
Turkey Bursa 1,653,000
53%
China Changsha 4,543,000
53%
United States Charleston 684,000
53%
United States Des Moines 533,000
53%
United States Hartford 917,000
53%
China Hefei 4,917,000
53%
Mexico Merida 1,170,000
53%
Egypt Port Said 695,000
53%
China Shenyang-Fushun 7,208,000
53%
Congo (Dem. Rep.) Lubumbashi 2,850,000
52%
Myanmar Mandalay 1,659,000
52%
Argentina Mendoza 1,126,000
52%
India Nagpur 3,200,000
52%
China Nanning 3,238,000
52%
Brazil Natal 1,298,000
52%
Nigeria Port Harcourt 1,665,000
52%
Poland Poznan 674,000
52%
Iran Shiraz 1,873,000
52%
United States Wichita 519,000
52%
China Zhengzhou 7,479,000
52%
Brazil Campinas 2,851,000
51%
United States Little Rock 502,000
51%
United States Springfield 664,000
51%
Yemen Aden 764,000
50%
Russia Krasnodar 947,000
50%
Ghana Kumasi 3,998,000
50%
United Kingdom Leicester 555,000
50%
Mexico Leon 1,858,000
50%
Brazil Sao Luis 1,525,000
50%
Mexico Chihuahua 1,015,000
49%
Pakistan Faisalabad 4,153,000
49%
Egypt Suez 546,000
49%
United States Toledo 516,000
49%
Russia Voronezh 1,137,000
49%
Morocco Agadir 948,000
48%
United States Albany 628,000
48%
United States Baton Rouge 712,000
48%
United Kingdom Brighton 516,000
48%
United States Columbia 689,000
48%
Vietnam Da Nang 1,537,000
48%
Turkey Gaziantep 1,559,000
48%
Brazil Goiania 2,585,000
48%
Iran Tabriz 1,814,000
48%
Turkey Adana 717,000
47%
Taiwan Kaohsiung 2,360,000
47%
Iran Qom 1,229,000
47%
Japan Sendai 1,206,000
47%
China Suzhou 5,103,000
47%
China Suzhou 813,000
47%
China Wenzhou 3,785,000
47%
Bolivia Cochabamba 1,131,000
46%
China Jinan 4,381,000
46%
India Kanpur 3,841,000
46%
China Shantou 2,452,000
46%
Mexico Acapulco 776,000
45%
India Bhopal 2,305,000
45%
Belarus Gomel 580,000
45%
Afghanistan Herat 614,000
45%
India Indore 3,373,000
45%
Russia Irkutsk 893,000
45%
China Ningbo 3,823,000
45%
Thailand Phuket 540,000
45%
United States Rochester 747,000
45%
Russia Saratov 1,064,000
45%
United States Bakersfield 664,000
44%
United States Harrisburg 528,000
44%
Russia Krasnoyarsk 1,053,000
44%
Spain Las Palmas 626,000
44%
Indonesia Makassar 1,905,000
44%
India Patna 3,247,000
44%
India Salem 1,434,000
44%
Honduras San Pedro Sula 1,068,000
44%
France Toulon 582,000
44%
Germany Aachen 542,000
43%
Pakistan Peshawar 1,878,000
43%
Peru Arequipa 784,000
42%
Algeria Constantine 689,000
42%
United States Grand Rapids 598,000
42%
France Grenoble 533,000
42%
India Kochi 2,173,000
42%
Turkey Konya 936,000
42%
China Lanzhou 2,688,000
42%
United States McAllen 833,000
42%
Mexico Mexicali 949,000
42%
Brazil Santos 1,547,000
42%
China Taiyuan 4,144,000
42%
Mexico Toluca 1,816,000
42%
China Wuxi 3,681,000
42%
Syria Homs 691,000
41%
United States Knoxville 710,000
41%
Congo (Dem. Rep.) Mbuji-Mayi 3,717,000
41%
Indonesia Palembang 1,953,000
41%
Congo Pointe Noire 710,000
41%
Tunisia Sfax 616,000
41%
Georgia Tblisi 1,064,000
41%
India Varanasi 3,933,000
41%
China Changchun 4,115,000
40%
China Dongguan 8,142,000
40%
Mexico Oaxaca 737,000
40%
Pakistan Quetta 938,000
40%
Uzbekistan Samarkand 1,368,000
40%
Bolivia Santa Cruz de la Sierra 2,025,000
40%
China Shijiazhuang 3,832,000
40%
Taiwan Taichung 2,450,000
40%
Indonesia Yogyakarta 1,482,000
40%
Tanzania Zanzibar 792,000
40%
Pakistan Multan 2,885,000
39%
India Coimbatore 2,097,000
38%
United States Dayton 747,000
38%
Iran Esfahan 2,458,000
38%
Japan Naha 1,000,000
38%
China Nanchang 3,652,000
38%
Mexico San Luis Potosi 1,208,000
38%
Mexico Veracruz 841,000
38%
Brazil Vittoria 1,691,000
38%
Angola Benguela 553,000
37%
Brazil Florianopolis 712,000
37%
Iraq Kirkuk 781,000
37%
Thailand Pattaya-Chon Buri 1,331,000
37%
China Zibo 2,722,000
37%
China Anshan 1,761,000
36%
Malawi Blantyre 1,007,000
36%
Colombia Bucaramanga 932,000
36%
China Guiyang 3,424,000
36%
South Korea Gwangju 1,425,000
36%
China Haikou 2,041,000
36%
Mexico Queretaro 1,236,000
36%
Indonesia Semarang 2,022,000
36%
Indonesia Surakarta 1,049,000
36%
Russia Astrakhan 592,000
35%
United Kingdom Bournemouth 507,000
35%
Chile Concepcion 849,000
35%
Philippines Davao City 1,273,000
35%
South Africa East London 550,000
35%
India Jodhpur 1,473,000
35%
Malaysia Johor Bahru 2,043,000
35%
Congo (Dem. Rep.) Kisangani 775,000
35%
Japan Kitakyushu 1,526,000
35%
Argentina Salta 648,000
35%
Russia Tomsk 627,000
35%
Nigeria Aba 1,200,000
34%
Italy Bergamo 508,000
34%
United States Cape Coral 612,000
34%
Pakistan Gujranwala 3,036,000
34%
China Hohhot 2,258,000
34%
India Kota 1,174,000
34%
Taiwan Tainan 1,137,000
34%
South Korea Ulsan 970,000
34%
China Xuzhou 1,811,000
34%
Iran Ahvaz 1,428,000
33%
India Allahabad 3,025,000
33%
India Amritsar 1,649,000
33%
China Jilin 1,702,000
33%
Venezuela Maracay 955,000
33%
Russia Tolyatti 759,000
33%
Mexico Torreon 1,198,000
33%
India Visakhapatnam 2,161,000
33%
Somalia Hargeisa 923,000
32%
Saudi Arabia Jiddah 4,261,000
32%
Nigeria Kaduna 1,647,000
32%
India Madurai 2,096,000
32%
Malaysia Penang 1,718,000
32%
Peru Trujillo 693,000
32%
India Vadodara 2,175,000
32%
China Baotou 2,279,000
31%
Venezuela Barquisimeto 888,000
31%
China Changzhou 3,771,000
31%
China Huainan 1,336,000
31%
China Huizhou 1,693,000
31%
China Linyi 2,233,000
31%
China Luoyang 2,618,000
31%
Nigeria Onitsha 6,887,000
31%
China Taizhou 1,422,000
31%
China Taizhou 723,000
31%
China Tangshan 1,685,000
31%
Mexico Aguascalientes 1,048,000
30%
Zimbabwe Bulawayo 746,000
30%
India Chandigarh 2,515,000
30%
Nigeria Jos 867,000
30%
Argentina Mar Del Plata 618,000
30%
Russia Orenburg 575,000
30%
India Rajkot 1,670,000
30%
Russia Ulyanovsk 602,000
30%
China Yantai 1,895,000
30%
China Cixi 1,647,000
29%
Colombia Cucuta 686,000
29%
United States Greenville 506,000
29%
China Guilin 1,062,000
29%
Vietnam Hai Phong 1,790,000
29%
Mexico Hermosillo 910,000
29%
Angola Huambo 653,000
29%
Congo (Dem. Rep.) Kananga 737,000
29%
India Mysore 1,533,000
29%
India Srinagar 1,204,000
29%
Russia Yaroslavl 599,000
29%
United States Allentown 754,000
28%
Indonesia Batam 1,524,000
28%
Burkina Faso Bobo-Dioulasso 1,007,000
28%
Mexico Durango 669,000
28%
Vietnam Hue 588,000
28%
Iraq Irbil 573,000
28%
Malaysia Kuching 543,000
28%
India Ludhiana 2,237,000
28%
Nigeria Maiduguri 879,000
28%
China Nantong 1,530,000
28%
Japan Niigata 543,000
28%
Russia Ryazan 523,000
28%
Brazil Teresina 1,024,000
28%
Russia Tyumen 774,000
28%
Brazil Uberlandia 708,000
28%
China Weifang 1,570,000
28%
Brazil Campo Grande 953,000
27%
Congo (Dem. Rep.) Goma 1,239,000
27%
Russia Izhevsk 658,000
27%
Iran Kerman 648,000
27%
Canada Kitchener 508,000
27%
China Liuzhou 1,530,000
27%
Angola Lubango 1,054,000
27%
Brazil Maceio 1,131,000
27%
Indonesia Malang 1,614,000
27%
Turkey Mersin 1,017,000
27%
Japan Nagano 592,000
27%
India Nashik 1,878,000
27%
Turkey Samsun 648,000
27%
China Wuhu 1,233,000
27%
China Anyang 1,290,000
26%
India Aurangabad 1,585,000
26%
Indonesia Bandar Lampung 979,000
26%
China Baoding 1,347,000
26%
South Korea Daejon 1,576,000
26%
China Datong 1,618,000
26%
France Douai-Lens 511,000
26%
India Gwalior 1,760,000
26%
North Korea Hamhung 532,000
26%
Malaysia Ipoh 963,000
26%
Bangladesh Khulna 1,058,000
26%
Russia Makhachkala 857,000
26%
Morocco Meknes 726,000
26%
Mexico Saltillo 830,000
26%
Mexico Tampico 856,000
26%
Senegal Touba 1,201,000
26%
Argentina Tucuman 1,121,000
26%
Brazil Aracaju 839,000
25%
India Bhubaneswar 1,172,000
25%
Nigeria Enugu 1,251,000
25%
China Handan 2,080,000
25%
China Huaian 1,704,000
25%
India Jamshedpur 1,717,000
25%
Brazil Joinville 575,000
25%
China Luzhou 607,000
25%
India Meerut 2,755,000
25%
Tanzania Mwanza 1,032,000
25%
China Nanchong 941,000
25%
China Quanzhou 6,662,000
25%
India Raipur 1,033,000
25%
India Ranchi 1,752,000
25%
Russia Stavropol 548,000
25%
India Vijayawada 1,513,000
25%
Nigeria Warri 1,055,000
25%
China Xining 1,629,000
25%
China Yangzhou 1,378,000
25%
United Arab Emirates Al Ain 1,102,000
24%
India Bareilly 1,683,000
24%
Brazil Cuiaba 895,000
24%
Japan Fuji 847,000
24%
India Guwahati 1,405,000
24%
India Jabalpur 1,727,000
24%
Brazil Joao Pessoa 1,150,000
24%
China Kaifeng 901,000
24%
Turkey Kayseri 1,097,000
24%
Russia Lipetsk 541,000
24%
Brazil Londrina 702,000
24%
Mexico Morelia 888,000
24%
Mozambique Nampula 878,000
24%
Colombia Pereira 574,000
24%
India Puducherry 905,000
24%
United States Sarasota 723,000
24%
China Zhuhai 1,695,000
24%
India Aligarh 2,066,000
23%
Philippines Angeles City 680,000
23%
India Asansol 920,000
23%
Iran Bandar Abbas 618,000
23%
China Baoji 855,000
23%
China Daqing 1,039,000
23%
China Ganzhou 1,492,000
23%
Jordan Irbid 759,000
23%
India Jammu 722,000
23%
China Jining 878,000
23%
Iran Kermanshah 895,000
23%
Japan Kumamoto 622,000
23%
Iraq Najaf 1,128,000
23%
China Nanyang 1,078,000
23%
Indonesia Pekan Baru 1,111,000
23%
China Putian 2,287,000
23%
Nigeria Sokoto 753,000
23%
India Thiruvananthapuram 2,430,000
23%
India Tiruchirappalli 1,174,000
23%
India Udaipur 576,000
23%
China Weihai 853,000
23%
China Wuzhou 564,000
23%
Ukraine Zaporizhzhia 738,000
23%
Russia Barnaul 637,000
22%
China Bengbu 1,245,000
22%
Cote d'Ivoire Bouake 545,000
22%
Vietnam Can Tho 824,000
22%
China Hengyang 1,278,000
22%
China Huaibei 1,246,000
22%
China Huzhou 686,000
22%
Zambia Kitwe 622,000
22%
India Kozhikode 2,500,000
22%
India Moradabad 1,769,000
22%
Mexico Reynosa 774,000
22%
India Solapur 1,094,000
22%
China Taian 1,044,000
22%
Mexico Villahermosa 592,000
22%
China Xinxiang 1,038,000
22%
China Yinchuan 1,909,000
22%
Nigeria Zaria 813,000
22%
China Zhuzhou 1,195,000
22%
Saudi Arabia Ad-Dammam 2,749,000
21%
Bahrain Al-Manamah 564,000
21%
China Changde 889,000
21%
North Korea Chongjin 643,000
21%
India Dhanbad 668,000
21%
Nigeria Ilorin 1,233,000
21%
Turkey Izmit 656,000
21%
Russia Kemerovo 509,000
21%
India Mangalore 726,000
21%
United States Palm Bay 511,000
21%
China Pingdingshan 1,001,000
21%
Japan Shizuoka 561,000
21%
India Tiruppur 1,281,000
21%
Nigeria Uyo 952,000
21%
Iran Arak 565,000
20%
Indonesia Balikpapan 707,000
20%
India Bikaner 1,006,000
20%
Russia Cheboksary 605,000
20%
Venezuela Ciudad Guayana 817,000
20%
India Cuttack 930,000
20%
China Fuyang 714,000
20%
India Gaya 698,000
20%
Indonesia Jambi 999,000
20%
Russia Khabarovsk 591,000
20%
Myanmar Nay Pyi Taw 608,000
20%
Russia Novokuznetsk 725,000
20%
Sudan Nyala 780,000
20%
Indonesia Padang 649,000
20%
China Puyang 640,000
20%
China Rizhao 721,000
20%
Indonesia Serang 577,000
20%
Bangladesh Sylhet 1,482,000
20%
Egypt Tanta 589,000
20%
Mexico Xalapa 606,000
20%
Iran Yazd 682,000
20%
India Ajmer 580,000
19%
India Amravati 686,000
19%
Cameroon Bamenda 530,000
19%
Libya Banghazi 798,000
19%
China Benxi 736,000
19%
Mexico Culiacan 863,000
19%
Iran Hamadan 599,000
19%
India Hubli-Dharwad 774,000
19%
China Jingzhou 972,000
19%
China Jinhua 880,000
19%
Japan Kanazawa 510,000
19%
India Nellore 757,000
19%
China Qinhuangdao 1,243,000
19%
China Quzhou 512,000
19%
Kazakhstan Shimkent 1,290,000
19%
India Siliguri 595,000
19%
China Xingtai 810,000
19%
China Yiwu 1,739,000
19%
China Yulin 559,000
19%
Nigeria Abeokuta 577,000
18%
Nigeria Akure 626,000
18%
Egypt Al-Mahallah 810,000
18%
Egypt Al-Mansurah 663,000
18%
Iraq Amara 560,000
18%
Indonesia Banjarmasin 760,000
18%
China Cangnan 691,000
18%
Mexico Cuernavaca 997,000
18%
Turkey Denizli 598,000
18%
China Dezhou 852,000
18%
India Durg-Bhilainagar 1,220,000
18%
Turkey Eskisehir 645,000
18%
India Gorakhpur 779,000
18%
China Heze 620,000
18%
India Jamnagar 667,000
18%
India Jhansi 657,000
18%
Congo (Dem. Rep.) Likasi 744,000
18%
China Mianyang 1,114,000
18%
Nigeria Owerri 537,000
18%
India Saharanpur 1,692,000
18%
Saudi Arabia Taif 686,000
18%
India Vellore 575,000
18%
China Akesu 724,000
17%
India Akola 626,000
17%
Iran Ardabil 575,000
17%
South Korea Changwon 803,000
17%
India Erode 626,000
17%
China Fuqing 829,000
17%
India Guntur 850,000
17%
India Imphal 562,000
17%
India Jalgaon 572,000
17%
China Jinzhou 750,000
17%
India Kolhapur 638,000
17%
China Kunshan 1,782,000
17%
India Malegaon 721,000
17%
Japan Mito 578,000
17%
Vietnam Nha Trang 578,000
17%
China Puning 1,973,000
17%
Iran Rasht 600,000
17%
Bangladesh Savar 2,140,000
17%
Saudi Arabia Tabuk 559,000
17%
Yemen Ta'izz 850,000
17%
Iran Urmia 607,000
17%
India Warangal 884,000
17%
China Yichang 1,037,000
17%
India Agartala 939,000
16%
India Belgaum 969,000
16%
China Binzhou 672,000
16%
Congo (Dem. Rep.) Bukavu 836,000
16%
Congo (Dem. Rep.) Bunia 873,000
16%
Indonesia Cirebon 1,064,000
16%
China Ezhou 729,000
16%
India Firozabad 813,000
16%
Philippines Iloilo City 574,000
16%
India Jalandhar 1,230,000
16%
China Jiangmen 1,687,000
16%
India Kannur 1,683,000
16%
India Kollam 1,060,000
16%
Mexico Matamoros 534,000
16%
United States Murrieta 697,000
16%
Nigeria Osogbo 753,000
16%
Japan Otsu 595,000
16%
Bangladesh Rajshahi 530,000
16%
Thailand Rayong 603,000
16%
China Sanya 550,000
16%
Brazil Sao Jose dos Campos 969,000
16%
India Thrissur 1,270,000
16%
Mexico Tuxtla Gutierrez 757,000
16%
India Ujjain 601,000
16%
China Yueyang 825,000
16%
China Anqiu 522,000
15%
Pakistan Bahawalpur 1,291,000
15%
Nigeria Bauchi 517,000
15%
China Beihai 678,000
15%
India Bhavnagar 533,000
15%
China Chuzhou 777,000
15%
India Dehradun 1,243,000
15%
Taiwan Hsinchu 554,000
15%
China Linfen 637,000
15%
China Longyan 514,000
15%
Brazil Maringa 625,000
15%
Russia Naberezhnye Tchelny 523,000
15%
Ghana Sekondi Takoradi 713,000
15%
China Shiyan 879,000
15%
China Changshu 1,222,000
14%
South Korea Jeonju 636,000
14%
Brazil Juiz De Fora 513,000
14%
Iraq Karbala 685,000
14%
Indonesia Samarinda 1,064,000
14%
Brazil Sorocaba 778,000
14%
India Thoothukkudi 557,000
14%
India Tirunelveli 620,000
14%
Iran Varamin 581,000
14%
China Zhangzhou 1,345,000
14%
China Zhoushan 564,000
14%
Philippines Bacolod 601,000
13%
Congo (Dem. Rep.) Butembo 874,000
13%
Philippines Cagayan de Oro 738,000
13%
Saudi Arabia Hufuf-Mubarraz 1,205,000
13%
Congo (Dem. Rep.) Kolwezi 622,000
13%
China Laiwu 977,000
13%
China Luohe 1,021,000
13%
India Mathura 590,000
13%
Uzbekistan Namangan 1,300,000
13%
India Nanded Waghala 629,000
13%
Iraq Nasiriyah 864,000
13%
Nigeria Nsukka 995,000
13%
Brazil Ribeirao Preto 699,000
13%
China Ruian 1,316,000
13%
India Sangali 599,000
13%
Pakistan Sialkot 1,162,000
13%
India Tirupati 664,000
13%
Vietnam Vung Tau 930,000
13%
Yemen Al-Hudaydah 618,000
12%
South Korea Cheongju 734,000
12%
China Chifeng 813,000
12%
India Malappuram 1,114,000
12%
Thailand Nakhon Ratchasima 648,000
12%
India Patiala 592,000
12%
Iraq Sulaimaniya 660,000
12%
Congo (Dem. Rep.) Tshikapa 643,000
12%
China Anqing 650,000
11%
India Bilaspur 897,000
11%
India Davanagere 536,000
11%
China Deyang 752,000
11%
Brazil Feira De Santana 585,000
11%
China Jingmen 500,000
11%
Mexico Pachuca 584,000
11%
Indonesia Tasikmalaya 643,000
11%
China Zhongshan 2,856,000
11%
China Dongying 1,044,000
10%
China Maanshan 941,000
10%
China Panjin 964,000
10%
China Xinyang 532,000
10%
South Korea Cheonan 718,000
9%
India Gulbarga 892,000
9%
India Kakinada 524,000
9%
India Kurnool 650,000
9%
China Langfang 760,000
9%
India Panipat 552,000
9%
Pakistan Sargodha 854,000
9%
Pakistan Sheikhupura 861,000
9%
China Siping 539,000
9%
China Xiangyang 898,000
9%
China Cangzhou 764,000
8%
China Fuxin 574,000
8%
China Liuan 811,000
8%
China Qiqihaer 1,013,000
8%
India Rajahmundry 553,000
8%
China Shaoxing 1,899,000
8%
China Yibin 667,000
8%
India Bokaro Steel City 649,000
7%
China Gongyi 586,000
7%
India Kayamkulam 664,000
7%
China Linqi 535,000
7%
China Gaomi 687,000
6%
China Huaihua 635,000
6%
China Jieyang 1,415,000
6%
Saudi Arabia Khamis Mushayt 723,000
6%
India Muzaffarnagar 704,000
6%
China Qujing 663,000
6%
India Raurkela 639,000
6%
China Yancheng 870,000
6%
China Yingkou 1,024,000
6%
China Zhangjiakou 839,000
6%
China Zhanjiang 1,206,000
6%
China Chaozhou 1,453,000
5%
China Korla 632,000
5%
China Lianyungang 873,000
5%
China Pinghu 611,000
5%
China Shangqiu 743,000
5%
China Suining 556,000
5%
China Jiaozuo 1,030,000
4%
China Suqian 771,000
4%
China Tengzhou 549,000
4%
China Zhenjiang 1,036,000
4%
China Zigong 567,000
4%
China Changzhi 802,000
3%
China Dandong 796,000
3%
China Jiaxing 926,000
3%
China Mudanjiang 839,000
3%
China Qingyuan 701,000
3%
China Qingzhou 570,000
3%
China Xiangtan 1,049,000
3%
China Xuchang 684,000
3%
China Chenzhou 534,000
2%
China Hegang 553,000
2%
China Huludao 678,000
2%
China Jiamusi 663,000
2%
China Jiujiang 916,000
2%
China Liaocheng 676,000
2%
China Liaoyang 664,000
2%
China Shangyu 577,000
2%
China Shaoguan 648,000
2%
China Zhoukou 628,000
2%
China Chaoyang 570,000
1%
China Hengshui 542,000
1%
China Liupanshui 670,000
1%
China Panzhihua 505,000
1%
China Sanmenxia 668,000
1%
China Shaoyang 799,000
1%
China Tianshui 595,000
1%
China Tongliao 722,000
1%
China Tongling 587,000
1%
China Wenling 571,000
1%
China Xintai 577,000
1%
China Xinyu 624,000
1%
China Yangquan 705,000
1%
China Yichun 608,000
1%
China Yuncheng 508,000
1%
China Yuyao 565,000
1%
China Zhaoqing 756,000
1%
China Zhumadian 666,000
1%
China Chaoyang GD 2,042,000
0%
China Dongming 566,000
0%
China Dongsheng 608,000
0%
China Heyuan 518,000
0%
China Huangshi 1,160,000
0%
China Shengzezhen 635,000
0%
China Songyuan 607,000
0%
China Tongxiang 556,000
0%
China Yangjiang 719,000
0%
China Yongkang 783,000
0%
China Zhangjiaggang 2,546,000
0%
China Zhucheng 673,000
0%
No matching quizzes found
Score Distribution
Percent of People with Each Score
Percentile by Number Answered
Your Score History
You have not taken this quiz since the last reset